Next countries to hit 1 billion people Quiz Stats

 Plays Quiz not verified by Sporcle

Score 0/20 Timer 06:00
0 Plays Today
Current Growth Rate Country % Correct
0.8%United States
97.9%
2.4%Nigeria
94.7%
3.2%Niger
91.5%
1.4%Pakistan
79.8%
2.5%Egypt
78.7%
2.4%Democratic Republic of Congo
77.7%
2.9%Ethiopia
73.4%
1.6%Philippines
66%
2.8%Tanzania
63.8%
3.2%Uganda
60.6%
Current Growth Rate Country % Correct
3.0%Mali
55.3%
2.6%Iraq
53.2%
2.4%Afghanistan
53.2%
3.5%Angola
46.8%
2.6%Cameroon
39.4%
7.9%Syria
31.9%
3.0%Burkina Faso
29.8%
3.3%Malawi
24.5%
3.3%Burundi
22.3%
3.8%South Sudan
21.3%

You're not logged in!

Compare scores with friends on all Sporcle quizzes.
OR
Log In

Sporcle TV

Today on Sporcle TV


Watch our educational content, quiz creation guides, and fun videos on Sporcle TV.

Show Comments

Extras

Top Quizzes Today


Score Distribution

Your Account Isn't Verified!

In order to create a playlist on Sporcle, you need to verify the email address you used during registration. Go to your Sporcle Settings to finish the process.

Report this User

Report this user for behavior that violates our Community Guidelines.

Details: